Normal view
MARC view
- Ramírez Franco, Filiberto,
Entry Nombre Personal
001 - NUMERO DE CONTROL
- campo de control: 39933
003 - IDENTIFICADOR DE NUMERO DE CONTROL
- campo de control: UPN
005 - FECHA Y HORA DE LA ÜLTIMA TRANSACCIÓN
- campo de control: 20210219194551.0
008 - DATOS DE LONGITUD FIJA
- campo de control de longitud fija: nabaccnnaabn|||||||||| b |nc|||||d
035 ## - NUMERO DE CONTROL
- Número de control: UPN11000012040
040 ## - FUENTE DE CATALOGACIÓN
- Lenguaje de catalogación: SPA
- Agencia de transcripción: UPN
100 1# - ENCABEZAMIENTO - NOMBRE PERSONAL
- Nombre personal: Ramírez Franco, Filiberto,
- Fechas asociadas con el nombre: 1919-2001.
670 ## - FUENTE EN LA QUE SE LOCALIZARON DATOS
- Cita de la fuente: T
- Uniform Resource Identifier: https://www.facebook.com/filibertoramirezfranco/
680 ## - NOTA PUBLICA DE ACCESO PÚBLICO
- Frase explicativa de la referencia: Compositor originario de Meoqui, Chihuahua. Realizó sus estudios en la Escuela Nacional de Música de la UNAM.
902 ## - CATALOGADOR
- Catalogador: BDV/10032017
